Les entraîneurs du Canadiens de Montréal - Statistiques

Statistiques générales
  • Ce quiz a été pris 56 fois
  • Le résultat moyen est 13 sur 36
Statistiques - réponses
Hint Réponse % Correct
2022-Aujourd'hui Martin St-Louis
98%
2003-2006 Claude Julien
80%
2017-2021 Claude Julien
80%
2000-2003 Michel Therrien
76%
2012-2017 Michel Therrien
76%
2021-2022 Dominique Ducharme
71%
2006-2009 Guy Carbonneau
59%
2009-2011 Jacques Martin
59%
2006 Bob Gainey
56%
2009 Bob Gainey
56%
1992-1995 Jacques Demers
56%
1955-1968 Toe Blake
56%
1995-1997 Mario Tremblay
51%
1997-2000 Alain Vigneault
49%
1971-1979 Scotty Bowman
44%
1984-1985 Jacques Lemaire
41%
1988-1992 Pat Burns
41%
1985-1988 Jean Perron
34%
2011-2012 Randy Cunneyworth
29%
1981-1984 Bob Berry
20%
1968-1970 Claude Ruel
20%
1979-1981 Claude Ruel
20%
1940-1955 Dick Irvin
20%
1917-1922 Édouard «Newsy» Lalonde
20%
1932-1934 Édouard «Newsy» Lalonde
20%
1979 Bernard «Boom Boom» Geoffrion
15%
1926-1932 Cecil Hart
12%
1936-1939 Cecil Hart
12%
1970-1971 Al MacNeil
10%
1995 Jacques Laperrière
10%
1939-1940 Alfred Lepine
7%
1939-1940 Babe Siebert
7%
1922-1926 Leo Dandurand
7%
1934-1935 Leo Dandurand
7%
1935-1936 Sylvio Mantha
7%
1939 Jules Dugal
5%
Aucun quiz correspondant
Distribution des résultats
% des personnes avec chaque résultat
Percentile par nombre de réponses
Votre historique - résultats
Vous n’avez pas pris ce quiz